Statistics for Hamilton Last Names

Click here to take the quiz!

General Stats

  • This quiz has been taken 1,533 times
  • The average score is 14 of 15

Answer Stats

First NameAnswer% Correct
AlexanderHamilton
100%
PhilipHamilton
100%
AaronBurr
99%
George (General)Washington
98%
PhilipSchuyler
97%
AngelicaSchuyler Church
97%
ElizabethSchuyler Hamilton
97%
And PeggySchuyler Van Rensselaer
97%
HerculesMulligan
96%
ThomasJefferson
95%
Marquis de (I'm not putting his full name)Lafayette
93%
JamesMadison
87%
John (Revolutionary Soldier; Not the president)Laurens
82%
SamuelSeabury
77%
GeorgeEacker
45%

Score Distribution

Percentile by Number Answered

Percent of People with Each Score

Your Score History

You have not taken this quiz